000 02471nam a2200277 4500
001 ESSALUD
005 20260701103250.0
007 ta
008 t pe ||||| |||| 00| 0 spa d
040 _aBMG
041 _aspa
100 _aAquino Lira, Richard Baudelio
_eAutor
_952966
245 _aCosa juzgada vs. identidad biológica
_bProblemática derivada del resultado del proceso de filiación paterno extramatrimonial
246 _aRes judicata vs. biological identity
_bLegal issues arising from the outcome of extra marital paternity proceedings
300 _apáginas 145-163
520 _a¿Es viable cuestionar la cosa juzgada obtenida en un proceso de filiación extramatrimonial, si en este proceso el demandado no formuló oposición y no se realizó la prueba de ADN por falta de recursos o se presentó alguna otra circunstancia? El autor refiere que en algunos casos sí es posible, pero, además, propone un proceso de revisión de filiación paterna, el que debería ser de competencia del juez de familia, tramitado como proceso especial, sujeto a causales concretas, pero no de carácter cerrado, y tener como único medio de prueba al ADN. Asimismo, resalta que deberá privilegiarse la identidad dinámica del menor y no la biológica, haciendo prevalecer siempre el interés superior del menor.
520 _aIs it viable to challenge the res judicata status obtained in an extramarital paternity proceeding if the defendant failed to file an opposition and the DNA test was not performed due to a lack of resources or other circumstances? The author asserts that, in certain cases, such a challenge is indeed possible. Furthermore, he proposes a paternity review proceeding under the jurisdiction of the Family Court, to be conducted as o special proceeding subject to specific-though not exhaustive grounds, with DNA testing as the sole means of evidence. Additionally, he emphasizes that the dynamic identity of the minor must be privileged over the biological identity, ensuring that the Best interests of the Child always prevail.
650 _aCOSA JUZGADA
_952967
650 _aDERECHO A LA IDENTIDAD
_952968
650 _aPRUEBA DE ADN
_952969
650 _aRES JUDICATA
_952970
650 _aRIGHT TO IDENHTY
_952971
650 _aDNA TESTING
_952972
773 0 _022573
_922620
_dLima Grupo Praxis Formación Profesional, 2026-
_oPRA001
_tPraxis Civil & Procesal Civil
_wESSALUD
_x3119-7671
942 _cARTICULOS
_e2026-06-30
_zsqb
999 _c22580
_d22580